Elektronnaja vyčislitel'naja mašina EC-1033 mežvuzovskij sbornik

Gespeichert in:
Bibliographische Detailangaben
Format: Buch
Sprache:Russisch
Veröffentlicht: Moskva Mašinostrojenije 1982
Tags: Tag hinzufügen
Keine Tags, Fügen Sie das erste Tag hinzu!

MARC

LEADER 00000nam a2200000 4500
001 c132137
005 20260202111424.8
041 0 |a rus 
044 |a RU 
245 1 0 |a Elektronnaja vyčislitel'naja mašina EC-1033  |b mežvuzovskij sbornik  |c Red. V.A. Komarnickij i G.P. Sorokin 
264 1 |a Moskva  |b Mašinostrojenije  |c 1982 
300 |a 382 s.